[Event "Titled Tue 24th Jun Early"]
[Site "chess.com INT"]
[Date "2025.06.24"]
[Round "7"]
[White "Murzin, Volodar"]
[Black "Szpar, Milosz"]
[Result "0-1"]
[WhiteTitle "GM"]
[BlackTitle "IM"]
[WhiteElo "2666"]
[BlackElo "2495"]
[WhiteFideId "44155573"]
[BlackFideId "1184989"]
[EventDate "2025.06.24"]

1. d4 Nf6 2. Nf3 c5 3. c3 Qb6 4. e3 g6 5. Nbd2 Bg7 6. a4 O-O 7. a5 Qc7 8. a6
Nxa6 9. Bxa6 bxa6 10. O-O d6 11. Qa4 Bb7 12. Qa5 Qc6 13. c4 cxd4 14. exd4 e6 15.
Re1 Rfd8 16. b3 Rac8 17. Bb2 Qb6 18. Ra3 Nh5 19. Bc3 Nf4 20. Qg5 Nd3 21. Ba5
Nxe1 22. Bxb6 Nxf3+ 23. Nxf3 axb6 24. Qe7 Bxf3 25. gxf3 d5 26. Rxa6 dxc4 27.
bxc4 Bxd4 28. Ra7 Rf8 29. Rc7 Bc5 30. Qd7 Rxc7 31. Qxc7 Ra8 32. f4 Ra2 33. Qb8+
Kg7 34. Qe5+ Kg8 35. Qb8+ Kg7 36. Qe5+ Kg8 37. Kg2 Rxf2+ 38. Kg3 Rc2 39. Qb8+
Kg7 40. Qe5+ Kg8 41. Qb8+ Bf8 42. Qxb6 Rxc4 43. Qb8 Rc5 44. Kf3 Rf5 45. Qd8 h5
46. Ke4 Kg7 47. Qd4+ Rf6 48. Qb2 Bd6 0-1

[Event "Titled Tue 24th Jun Early"]
[Site "chess.com INT"]
[Date "2025.06.24"]
[Round "7"]
[White "Lopez Rayo, Santiago"]
[Black "Nakara Husain"]
[Result "1-0"]
[WhiteTitle "FM"]
[WhiteElo "2282"]
[BlackElo "1713"]
[WhiteFideId "4455665"]
[BlackFideId "25636111"]
[EventDate "2025.06.24"]

1. e4 e5 2. Nf3 Nc6 3. Bb5 a6 4. Ba4 d6 5. O-O Bd7 6. c3 Nf6 7. Re1 Be7 8. d4 b5
9. Bb3 O-O 10. Nbd2 Bg4 11. h3 Bh5 12. d5 Nb8 13. Nf1 Nbd7 14. Ng3 Bg6 15. Nh4
Nc5 16. Bc2 Re8 17. Nhf5 Bf8 18. h4 Rc8 19. h5 Bxf5 20. Nxf5 g6 21. hxg6 fxg6
22. Nh6+ Bxh6 23. Bxh6 Ncd7 24. Qf3 Qe7 25. Qh3 Nh5 26. g3 Kh8 27. Kg2 Ndf6 28.
Rh1 Ng8 29. Be3 Rf8 30. Bd1 Nhf6 31. f3 c6 32. dxc6 Rxc6 33. Bb3 Qd7 34. Qxd7
Nxd7 35. a4 Nc5 36. Bd5 Rc7 37. axb5 axb5 38. b4 Nd7 39. Rhc1 Ngf6 40. Bb3 Rfc8
41. Ra6 Rc6 42. Rxc6 Rxc6 43. c4 bxc4 44. b5 cxb3 45. bxc6 b2 46. cxd7 bxc1=Q
47. d8=Q+ 1-0

[Event "Titled Tue 24th Jun Early"]
[Site "chess.com INT"]
[Date "2025.06.24"]
[Round "7"]
[White "Bezuch, Martin"]
[Black "Mattenberger, Matthias"]
[Result "0-1"]
[WhiteTitle "FM"]
[BlackTitle "FM"]
[WhiteElo "2238"]
[BlackElo "2286"]
[WhiteFideId "14906333"]
[BlackFideId "1339958"]
[EventDate "2025.06.24"]

1. Nf3 Nf6 2. g3 g6 3. Bg2 Bg7 4. d3 O-O 5. O-O d6 6. e4 c5 7. Nbd2 Nc6 8. Re1
Rb8 9. a4 a6 10. c3 e5 11. Nf1 b5 12. axb5 axb5 13. d4 Nd7 14. d5 Ne7 15. Ne3 h6
16. Nh4 Kh7 17. Bh3 h5 18. Qe2 Bh6 19. Ra7 Nf6 20. Bxc8 Nxc8 21. Ra6 Qd7 22.
Neg2 Bxc1 23. Rxc1 Nb6 24. Nf3 Kg7 25. Rca1 Ra8 26. Ng5 Rxa6 27. Rxa6 Rb8 28. b3
c4 29. Qe3 Qc7 30. b4 Qb7 31. Ra5 Nbd7 32. h3 Ra8 33. Rxa8 Qxa8 34. Qc1 Qa2 35.
Ne3 Nb6 36. Kg2 Na4 37. Nd1 Qe2 38. Kg1 Nxe4 39. Nxe4 Qxe4 40. Ne3 Qd3 41. Nd1
Qxd5 42. Kh2 Qd3 43. Ne3 Nxc3 44. Qa1 Na4 0-1

[Event "Titled Tue 24th Jun Early"]
[Site "chess.com INT"]
[Date "2025.06.24"]
[Round "7"]
[White "Iskusnyh, Sergei"]
[Black "Klukin, Kirill"]
[Result "0-1"]
[WhiteTitle "GM"]
[BlackTitle "IM"]
[WhiteElo "2440"]
[BlackElo "2401"]
[WhiteFideId "4120027"]
[BlackFideId "24199273"]
[EventDate "2025.06.24"]

1. d4 e6 2. c4 f5 3. g3 Nf6 4. Bg2 c6 5. Nc3 d5 6. Nf3 Bd6 7. Bf4 Bxf4 8. gxf4
O-O 9. Qc2 Bd7 10. O-O-O Ne4 11. e3 Be8 12. Ne5 Nd7 13. f3 Nxc3 14. Qxc3 Nxe5
15. fxe5 f4 16. h4 Bh5 17. Kb1 Qe7 18. cxd5 cxd5 19. Rc1 Rf7 20. a3 Raf8 21. Ka2
fxe3 22. Qxe3 Bxf3 23. Bxf3 Rxf3 24. Qg5 Qd7 25. Rc2 h6 26. Qg6 Qf7 27. h5 Qxg6
28. hxg6 Rg3 29. Rc7 Rxg6 30. Rxb7 Rf4 31. Rd1 h5 32. Rxa7 h4 33. Ra8+ Kh7 34.
a4 Rg2 35. Rd3 Rg3 36. Rd1 h3 37. a5 h2 38. Rh1 Rh4 39. a6 Rg1 40. Rxh2 Rxh2 41.
a7 Rhh1 42. Rh8+ Kxh8 43. a8=Q+ Kh7 44. Qe8 Rh6 45. Ka3 Rg4 46. Qa4 Rh3+ 47. Ka2
Rhh4 48. Qe8 Rg6 49. Qa4 Rh2 50. Ka3 Rg3+ 51. b3 Rhh3 52. Qe8 Rh6 53. Ka4 Rg4
54. Kb5 Rxd4 55. Kc5 Re4 56. b4 d4 57. Kc4 d3+ 58. Kxd3 Rxb4 59. Ke3 Rg4 60. Kf3
Rg5 61. Kf4 Rf5+ 62. Ke4 Rhh5 0-1

[Event "Titled Tue 24th Jun Early"]
[Site "chess.com INT"]
[Date "2025.06.24"]
[Round "7"]
[White "Miserendino, Alfredo"]
[Black "Devaev, Alexander"]
[Result "0-1"]
[BlackTitle "FM"]
[WhiteElo "2032"]
[BlackElo "2306"]
[WhiteFideId "101800"]
[BlackFideId "4169395"]
[EventDate "2025.06.24"]

1. e4 c6 2. d4 d5 3. Nc3 dxe4 4. Nxe4 Nf6 5. Nxf6+ exf6 6. c3 Bd6 7. Bd3 Na6 8.
Qc2 h5 9. Be3 Nc7 10. Ne2 h4 11. O-O-O h3 12. gxh3 Bxh3 13. Nf4 Bd7 14. Rde1 Kf8
15. Rhg1 Ne6 16. Qd2 Nxf4 17. Bxf4 Qc7 18. Bxd6+ Qxd6 19. Kb1 Rxh2 20. Rh1 Re8
21. Reg1 Be6 22. Bc2 Rxh1 23. Rxh1 Qd5 24. Rh8+ Ke7 25. Rxe8+ Kxe8 26. b3 Bf5
27. Kb2 Bxc2 28. Qxc2 f5 29. a4 a5 30. Qd2 Qe4 31. c4 f4 32. d5 cxd5 33. cxd5 b6
34. Ka2 f3 35. Kb2 Qe2 36. Kc2 Kd7 37. Qxe2 fxe2 38. Kd2 Kd6 39. Kxe2 Kxd5 40.
Kd3 g5 41. f3 f5 42. Ke3 Ke5 43. f4+ gxf4+ 44. Kf3 Ke6 45. Kxf4 Kf6 46. Kf3 Ke5
47. Ke3 f4+ 48. Kf3 Kf5 49. Kf2 Ke4 50. Ke2 f3+ 51. Kf2 Kf4 52. Kf1 Ke3 53. Ke1
f2+ 54. Kf1 Kf3 55. b4 axb4 56. a5 b3 57. a6 b2 58. a7 b1=Q# 0-1

[Event "Titled Tue 24th Jun Early"]
[Site "chess.com INT"]
[Date "2025.06.24"]
[Round "7"]
[White "Maghsoodloo, Parham"]
[Black "Mitrabha, Guha"]
[Result "1/2-1/2"]
[WhiteTitle "GM"]
[BlackTitle "GM"]
[WhiteElo "2691"]
[BlackElo "2515"]
[WhiteFideId "12539929"]
[BlackFideId "5057000"]
[EventDate "2025.06.24"]

1. d4 Nf6 2. c4 e6 3. Nc3 Bb4 4. e3 O-O 5. Ne2 d5 6. a3 Be7 7. cxd5 exd5 8. Nf4
c6 9. Bd3 Bd6 10. O-O Re8 11. f3 Bxf4 12. exf4 b6 13. f5 Ba6 14. g4 Qd6 15. Bg5
Bxd3 16. Qxd3 Nbd7 17. Qd2 c5 18. Rad1 cxd4 19. Qxd4 Rac8 20. Nxd5 Nxd5 21. Qxd5
Qxd5 22. Rxd5 Nc5 23. b4 Na4 24. Rd7 Rc2 25. Rf2 Rc3 26. Rxa7 Rxa3 27. Re2 Rc8
28. Kg2 h6 29. Bf4 Nc3 30. Rxa3 Nxe2 31. Be3 b5 32. Ra2 Nc3 33. Rc2 Rc4 34. Bd2
Nd5 35. Rxc4 bxc4 36. b5 c3 37. Bc1 Kf8 38. Kf2 Ke7 39. Ke2 Kd6 40. Ba3+ Kc7 41.
Kd3 Kb6 42. Bf8 g6 43. fxg6 fxg6 44. Kc4 Nc7 45. Kxc3 Nxb5+ 46. Kc4 h5 47. Kd5
Kc7 48. Ke6 Nd4+ 49. Kf6 Nxf3 50. g5 Nxh2 51. Kxg6 Nf3 52. Kxh5 Nxg5 1/2-1/2

[Event "Titled Tue 24th Jun Early"]
[Site "chess.com INT"]
[Date "2025.06.24"]
[Round "7"]
[White "Abramor, Franco"]
[Black "Terletsky, Oleg"]
[Result "0-1"]
[BlackTitle "IM"]
[WhiteElo "2167"]
[BlackElo "2160"]
[WhiteFideId "181633"]
[BlackFideId "14116774"]
[EventDate "2025.06.24"]

1. Nf3 Nf6 2. b3 d5 3. Bb2 Bf5 4. g3 e6 5. Bg2 Bd6 6. O-O Nbd7 7. d3 h6 8. Nbd2
O-O 9. Re1 Bg4 10. e4 Bc5 11. h3 Bh5 12. g4 Bg6 13. Nh4 Bh7 14. exd5 Nxd5 15.
Nhf3 Nf4 16. Ne4 Nxg2 17. Kxg2 Bb6 18. Ne5 Nxe5 19. Bxe5 Qd5 20. g5 Qxe5 21.
Nf6+ gxf6 22. Rxe5 fxe5 23. gxh6 Kh8 24. Qh5 Bd4 25. Rg1 Rg8+ 26. Kf1 Rxg1+ 27.
Kxg1 Rg8+ 28. Kf1 Bg6 29. Qh4 Kh7 30. Ke2 b5 31. a3 a5 32. Qe7 Bh5+ 33. Kf1 Bb6
34. Qf6 Bd4 35. Qh4 Bg6 36. Ke2 b4 37. a4 c5 38. Qe7 Kxh6 39. Qa7 Kg7 40. Qxa5
Rh8 41. Qc7 Rxh3 42. Qe7 Rh2 43. Qg5 Rxf2+ 44. Ke1 Rf5 45. Qg3 Bc3+ 46. Ke2 Kf8
47. a5 Bh5+ 48. Ke3 Bd4+ 49. Kd2 Rf2+ 50. Ke1 Rxc2 51. Qh3 Bg6 52. Qh8+ Ke7 53.
Qh4+ Kd7 54. a6 Ra2 55. Qh1 Ra1+ 56. Kd2 Rxh1 57. a7 Rh2+ 58. Ke1 Ra2 59. a8=Q
Rxa8 60. Ke2 Ra2+ 61. Kf3 Bxd3 62. Kg4 c4 63. Kh5 c3 64. Kh6 Rg2 65. Kh5 c2 66.
Kh6 c1=Q+ 67. Kh5 Qh1# 0-1

[Event "Titled Tue 24th Jun Early"]
[Site "chess.com INT"]
[Date "2025.06.24"]
[Round "7"]
[White "Ndirangu, Nyaruai, Joyce"]
[Black "Abdou Ahmed Alem"]
[Result "0-1"]
[WhiteTitle "WCM"]
[BlackTitle "CM"]
[WhiteElo "1909"]
[BlackElo "2002"]
[WhiteFideId "10802886"]
[BlackFideId "19603720"]
[EventDate "2025.06.24"]

1. d4 f5 2. Bf4 Nf6 3. e3 e6 4. c4 Bd6 5. Bxd6 cxd6 6. d5 e5 7. Nc3 O-O 8. Be2
b6 9. Nb5 Ne4 10. Bf3 a6 11. Na3 b5 12. Ne2 Qa5+ 13. Kf1 Nd2+ 14. Kg1 Nxc4 15.
Nxc4 bxc4 16. Nc3 Bb7 17. Rc1 Qb4 18. Rc2 a5 19. a3 Qb3 20. h3 Na6 21. Kh2 Nc5
22. Be2 e4 23. a4 Nd3 24. Qd2 Nxf2 25. Rf1 Nd3 26. Bd1 Qb6 27. Nb5 Qc5 28. Qc3
Bxd5 29. Re2 Bc6 30. Qd4 Bxb5 31. axb5 Qxd4 32. exd4 a4 33. d5 g6 34. Rc2 Rfc8
35. Rc3 Kf7 36. b4 axb3 37. Bxb3 cxb3 38. Rxb3 Kf6 39. b6 Rab8 40. b7 Rc7 41.
Rfb1 Ke5 42. Rb5 Nc5 43. Rb6 Rcxb7 44. Rd1 Rxb6 45. g4 Rb2+ 46. Kg3 R8b3+ 47.
Kh4 Rh2 48. gxf5 Rbxh3+ 49. Kg5 gxf5 50. Rg1 Rh5# 0-1

[Event "Titled Tue 24th Jun Early"]
[Site "chess.com INT"]
[Date "2025.06.24"]
[Round "7"]
[White "Nitish, Belurkar"]
[Black "Kollars, Dmitrij"]
[Result "0-1"]
[WhiteTitle "IM"]
[BlackTitle "GM"]
[WhiteElo "2454"]
[BlackElo "2633"]
[WhiteFideId "5084768"]
[BlackFideId "12909572"]
[EventDate "2025.06.24"]

1. e4 e5 2. Nf3 Nc6 3. d4 exd4 4. Bc4 Nf6 5. O-O Nxe4 6. Re1 d5 7. Bxd5 Qxd5 8.
Nc3 Qd7 9. Rxe4+ Be7 10. Nxd4 f5 11. Rf4 O-O 12. Nxc6 Qxc6 13. Qd5+ Qxd5 14.
Nxd5 Bd6 15. Rd4 Rd8 16. Bg5 Rd7 17. Re1 Kf7 18. Nxc7 Bxh2+ 19. Kxh2 Rxc7 20.
Rd8 b6 21. Ree8 Rxc2 22. Re7+ Kg6 23. Be3 Kf6 24. Ree8 Rc7 25. Bd4+ Kg6 26. Be5
Rc2 27. Bc3 b5 28. a3 a5 29. Rd6+ Kf7 30. Red8 b4 31. axb4 axb4 32. Bxb4 Rxb2
33. Bc3 Rxf2 34. Rc6 Rc2 35. Rdxc8 Rxc8 36. Rxc8 g5 37. Rc7+ Ke6 38. Ba5 Ra2 39.
Bb4 Rb2 40. Bf8 h5 41. Rc5 h4 42. Bg7 Re2 43. Bf8 g4 44. Bh6 h3 45. Kh1 Rxg2 46.
Bf4 Rf2 47. Bg3 Rf3 48. Bh4 g3 0-1

[Event "Titled Tue 24th Jun Early"]
[Site "chess.com INT"]
[Date "2025.06.24"]
[Round "7"]
[White "Crispin Ferreras, Darvi Abraham"]
[Black "Negrean, Andrei"]
[Result "0-1"]
[WhiteTitle "CM"]
[BlackTitle "FM"]
[WhiteElo "2150"]
[BlackElo "2352"]
[WhiteFideId "6402771"]
[BlackFideId "1291513"]
[EventDate "2025.06.24"]

1. d4 Nf6 2. c4 g6 3. Nc3 Bg7 4. e4 d6 5. Nf3 O-O 6. Be2 Nc6 7. d5 Ne5 8. Nxe5
dxe5 9. Be3 Ne8 10. f3 f5 11. Qd2 f4 12. Bf2 g5 13. c5 b6 14. d6 Be6 15. dxe7
Qxe7 16. Nd5 Qf7 17. Bc4 c6 18. cxb6 Nd6 19. Bb3 cxd5 20. exd5 Bf5 21. bxa7 Rxa7
22. Rc1 Kh8 23. Bxa7 Qxa7 24. Rc6 Nb5 25. d6 Nd4 26. Rc7 Qb6 27. Rf7 Rxf7 28.
Bxf7 Qxd6 29. Qc3 Qf8 30. Bc4 e4 31. Qa5 Nc2+ 32. Kd2 e3+ 33. Kc1 Nd4 34. Rd1
Qc8 35. Qa6 Be6 36. Qxc8+ Bxc8 37. b3 h5 38. a4 g4 39. a5 gxf3 40. gxf3 Bb7 41.
a6 Bxf3 42. a7 Bb7 43. Rg1 f3 44. Rg6 f2 45. Rb6 e2 46. Rxb7 e1=Q+ 47. Kb2 Nc6+
48. Ka3 Nxa7 49. Rxa7 Qa1+ 50. Kb4 Qxa7 51. Bb5 Qd4+ 52. Ka5 Qc5 53. b4 Qxb5+
54. Kxb5 f1=Q+ 0-1

[Event "Titled Tue 24th Jun Early"]
[Site "chess.com INT"]
[Date "2025.06.24"]
[Round "7"]
[White "Hury, Tymoteusz"]
[Black "Ismagilov, Damir"]
[Result "1/2-1/2"]
[WhiteTitle "CM"]
[BlackTitle "CM"]
[WhiteElo "2115"]
[BlackElo "2173"]
[WhiteFideId "21839328"]
[BlackFideId "34199982"]
[EventDate "2025.06.24"]

1. e4 c5 2. Nc3 d6 3. Nf3 a6 4. d4 cxd4 5. Nxd4 Nf6 6. h4 e5 7. Nb3 Be7 8. Be2
Be6 9. f4 exf4 10. Bxf4 d5 11. exd5 Nxd5 12. Nxd5 Bxd5 13. Bf3 Bxf3 14. Qxf3 Nc6
15. c3 Bxh4+ 16. Kf1 O-O 17. Qg4 Qd3+ 18. Kg1 Bf6 19. Rd1 Qg6 20. Qxg6 hxg6 21.
Rd7 b5 22. Kf2 b4 23. Rd3 bxc3 24. Rdh3 Bh4+ 25. Rxh4 f6 26. Rh8+ Kf7 27. Rxf8+
Rxf8 28. bxc3 g5 29. Be3 Rd8 30. Bd4 a5 31. Rd1 f5 32. Nc5 g4 33. Nd3 Rb8 34.
Rd2 Rb5 35. a4 Rb1 36. Ne5+ Nxe5 37. Bxe5 g5 38. Rd5 f4 39. Bd4 Rb2+ 40. Kf1 Kg6
41. Rxa5 g3 42. Ra6+ Kf5 43. Rf6+ Kg4 44. Re6 Rb1+ 45. Re1 Rb2 46. a5 Ra2 47.
Bb6 f3 48. gxf3+ Kh3 49. Kg1 Rg2+ 50. Kh1 Rh2+ 51. Kg1 Rg2+ 52. Kf1 Ra2 53. Kg1
Rg2+ 1/2-1/2

[Event "Titled Tue 24th Jun Early"]
[Site "chess.com INT"]
[Date "2025.06.24"]
[Round "7"]
[White "Gong, Qianyun"]
[Black "Chen, Yidong"]
[Result "1/2-1/2"]
[WhiteTitle "WGM"]
[WhiteElo "2228"]
[BlackElo "2074"]
[WhiteFideId "8602425"]
[BlackFideId "8607028"]
[EventDate "2025.06.24"]

1. d4 Nf6 2. c4 g6 3. Nf3 Bg7 4. g3 O-O 5. Bg2 c6 6. O-O d5 7. Nc3 Ne4 8. cxd5
cxd5 9. Qb3 Nxc3 10. bxc3 Nc6 11. Ne1 e6 12. Nd3 Na5 13. Qc2 Nc4 14. a4 b6 15.
e4 Bb7 16. e5 Rc8 17. h4 Qc7 18. Bf4 Ba6 19. Rfc1 Na5 20. Nb4 Bc4 21. Rab1 Qd7
22. h5 Rc7 23. Qd1 Rfc8 24. Bd2 Nc6 25. Nc2 Bd3 26. Ra1 Bxc2 27. Rxc2 Nxd4 28.
Rcc1 Nf5 29. Qe2 d4 30. Rd1 d3 31. Qe4 Rc4 32. Qe1 Qc7 33. f4 Rd8 34. Kh2 Nh6
35. Bf3 Qe7 36. Qf1 Rc7 37. Be1 Rcd7 38. Rd2 Qc5 39. Rc1 Qc4 40. Bf2 Qxa4 41.
Bd4 Nf5 42. Bf2 Nh6 43. Ra1 Qc4 44. Rc1 Nf5 45. Qg2 Bh6 46. Bc6 Bxf4 47. gxf4
Qxf4+ 48. Kg1 Qxd2 49. Rf1 Rc7 50. Be4 Ne3 51. Qg5 Nxf1 52. Qxd8+ Kg7 53. Qf6+
Kg8 54. Qd8+ Kg7 55. Qf6+ Kg8 56. Qd8+ 1/2-1/2

[Event "Titled Tue 24th Jun Early"]
[Site "chess.com INT"]
[Date "2025.06.24"]
[Round "7"]
[White "Xalmatov, Yakubjon"]
[Black "Caku, Kler"]
[Result "1-0"]
[WhiteTitle "CM"]
[BlackTitle "WFM"]
[WhiteElo "2096"]
[BlackElo "2010"]
[WhiteFideId "14201615"]
[BlackFideId "4704703"]
[EventDate "2025.06.24"]

1. e4 e5 2. Nf3 Nc6 3. Bb5 a6 4. Ba4 Nf6 5. d3 b5 6. Bb3 Be7 7. a4 Rb8 8. O-O
O-O 9. axb5 axb5 10. Nc3 d6 11. h3 Be6 12. Nd5 Qd7 13. Bg5 Ne8 14. Ra6 Bxd5 15.
Bxd5 Nb4 16. Ra7 Nxd5 17. exd5 Bxg5 18. Nxg5 Nf6 19. Qf3 h6 20. Ne4 Nxd5 21.
Rfa1 f5 22. Ng3 Nb6 23. R1a6 Rf7 24. Rb7 Rxb7 25. Qxb7 Qe6 26. Qc6 b4 27. Ra7
Qd7 28. Qb7 Qe6 29. Qb8+ Kh7 30. Rxc7 Rxc7 31. Qxc7 Nd5 32. Qb7 Nf6 33. Qxb4 d5
34. c4 f4 35. cxd5 Qxd5 36. Ne4 Qxd3 37. Nxf6+ gxf6 38. Qe7+ Kg6 39. Qe8+ Kg7
40. Qe7+ Kg6 41. b4 Qd1+ 42. Kh2 f3 43. Kg3 fxg2 44. Kxg2 Qd5+ 45. Kh2 Qf3 46.
Qc5 Qf4+ 47. Kg2 Qe4+ 48. Kg1 Qe1+ 49. Kg2 Qe4+ 50. Kh2 Qf4+ 51. Kg1 Qg5+ 52.
Kf1 Qf5 53. Qc3 Qe4 54. Qg3+ Kf7 55. Qb3+ Kg6 56. b5 1-0

[Event "Titled Tue 24th Jun Early"]
[Site "chess.com INT"]
[Date "2025.06.24"]
[Round "7"]
[White "Molina, Roberto Junio Brito"]
[Black "Shafer, Logan C"]
[Result "1-0"]
[WhiteTitle "IM"]
[BlackTitle "CM"]
[WhiteElo "2381"]
[BlackElo "2217"]
[WhiteFideId "2109450"]
[BlackFideId "30993342"]
[EventDate "2025.06.24"]

1. d4 Nf6 2. c4 e6 3. Nf3 Bb4+ 4. Bd2 Qe7 5. a3 Bxd2+ 6. Qxd2 d6 7. Nc3 Nc6 8.
g3 e5 9. d5 Nd8 10. Bg2 O-O 11. O-O Nd7 12. Ne1 f5 13. f4 e4 14. Nc2 Qf6 15. Qd4
Qxd4+ 16. Nxd4 c5 17. dxc6 bxc6 18. Rfd1 Rf6 19. b4 a6 20. Nb3 Nb7 21. e3 Nb6
22. Bf1 Be6 23. Nd4 Bxc4 24. Nxc6 Bxf1 25. Kxf1 Kf7 26. Rac1 Rc8 27. Nd5 Nxd5
28. Rxd5 Ke8 29. a4 Kd7 30. b5 axb5 31. axb5 Re6 32. Rxf5 Nd8 33. Rf8 Nxc6 34.
Rxc8 Kxc8 35. Rxc6+ Kb7 36. g4 g6 37. g5 Re7 38. Rxd6 Rc7 39. Rd4 Re7 40. Kg2
Kb6 41. Rd5 Rc7 42. Re5 Rc4 43. Kg3 Rb4 44. h4 Rc4 45. h5 gxh5 46. Kh4 Rc3 47.
Rxe4 Kxb5 48. Kxh5 Rc1 49. Kg4 Kc6 50. Re7 Rh1 51. Kf5 Kd6 52. Re8 Kd7 53. Re4
Ra1 54. Re5 Kd6 55. e4 Ra8 56. Re6+ Kd7 57. Rf6 Ra5+ 58. e5 Ke7 59. Rh6 Kf8 60.
Rxh7 Kg8 61. Rh6 Ra4 62. Rf6 Ra7 63. g6 Ra1 64. Ke6 Kg7 65. Kf5 Rg1 66. Rf7+ Kg8
67. Kf6 Ra1 68. f5 Ra8 69. e6 Kh8 70. Rd7 Rf8+ 71. Kg5 Ra8 72. e7 Re8 73. Rd8
Kg7 74. f6+ 1-0

[Event "Titled Tue 24th Jun Early"]
[Site "chess.com INT"]
[Date "2025.06.24"]
[Round "7"]
[White "Ersoz, Teoman Guney"]
[Black "Suarez, Pedro"]
[Result "1-0"]
[WhiteTitle "CM"]
[BlackTitle "CM"]
[WhiteElo "2052"]
[BlackElo "2066"]
[WhiteFideId "44537050"]
[BlackFideId "3007642"]
[EventDate "2025.06.24"]

1. d4 Nf6 2. Nc3 d6 3. e4 Nbd7 4. Bc4 e5 5. Nf3 Be7 6. O-O O-O 7. h3 c6 8. a4 b6
9. Re1 Bb7 10. d5 Qc7 11. b3 Rac8 12. Ba3 cxd5 13. exd5 a6 14. Qd3 Nc5 15. Qe2
Rfe8 16. Rad1 Bf8 17. Ng5 h6 18. Nge4 Nfxe4 19. Nxe4 Nxe4 20. Qxe4 g6 21. Qe2 a5
22. Bb5 Red8 23. c4 Rb8 24. Bc1 Bc8 25. f4 exf4 26. Bxf4 Bd7 27. Qe3 Bxb5 28.
axb5 g5 29. Bg3 Bg7 30. h4 gxh4 31. Bf4 Re8 32. Qxe8+ Rxe8 33. Rxe8+ Kh7 34.
Rde1 Qc5+ 35. Kh2 Qf2 36. Bxd6 Bf6 37. R1e2 Qd4 38. R8e4 Qc3 39. Bf4 Qxb3 40. d6
h3 41. gxh3 a4 42. Be5 Bg5 43. d7 a3 44. Bf4 Bf6 45. Be5 Bg5 46. Bd4 a2 47. Rg4
Qxc4 48. Rxg5 Qxe2+ 49. Rg2 Qe7 50. Rg7+ Kh8 51. Rxf7+ Kg8 52. Rxe7 a1=Q 53.
Bxa1 Kf8 54. Bf6 1-0

[Event "Titled Tue 24th Jun Early"]
[Site "chess.com INT"]
[Date "2025.06.24"]
[Round "7"]
[White "Rahman, Masruri"]
[Black "Harshit, Ranjan Sahu"]
[Result "0-1"]
[WhiteTitle "FM"]
[BlackTitle "CM"]
[WhiteElo "2407"]
[BlackElo "2191"]
[WhiteFideId "7101163"]
[BlackFideId "25638815"]
[EventDate "2025.06.24"]

1. d4 Nf6 2. Bg5 g6 3. Bxf6 exf6 4. e3 Bg7 5. Nd2 O-O 6. h4 f5 7. h5 f4 8. hxg6
hxg6 9. Qf3 fxe3 10. fxe3 d5 11. O-O-O Be6 12. Bd3 Nd7 13. Ne2 c5 14. Nf4 Qb6
15. Nxd5 Bxd5 16. Qxd5 Rad8 17. Nc4 Qc7 18. Qg5 cxd4 19. Qh4 Nf6 20. Rdf1 Rd5
21. g4 g5 22. Bh7+ Kh8 23. Qh3 Rfd8 24. Bd3+ Kg8 25. e4 Rc5 26. e5 Nd5 27. Qh7+
Kf8 28. e6 Nf4 29. exf7 Qxf7 30. b3 b5 31. Nd2 Rdc8 32. Kb1 R5c7 33. Ne4 Qd5 34.
Nxg5 Qxg5 35. Rh5 Qxg4 36. Rxf4+ Qxf4 37. Rf5+ Qxf5 38. Qxf5+ Ke7 39. Qxb5 Rf8
40. Qb4+ Kf7 41. Bc4+ Ke8 42. Qb8+ Kd7 43. Qb5+ Kd8 44. Bd3 Re8 45. Qd5+ Rd7 0-1

[Event "Titled Tue 24th Jun Early"]
[Site "chess.com INT"]
[Date "2025.06.24"]
[Round "7"]
[White "Reprintsev, Alexander"]
[Black "Zou, Chen"]
[Result "0-1"]
[WhiteTitle "IM"]
[BlackTitle "IM"]
[WhiteElo "2256"]
[BlackElo "2443"]
[WhiteFideId "14100541"]
[BlackFideId "8610959"]
[EventDate "2025.06.24"]

1. e4 c5 2. b3 g6 3. Bb2 Nf6 4. Nc3 Nc6 5. Nd5 Bg7 6. Nxf6+ exf6 7. Bc4 O-O 8.
Ne2 Re8 9. d3 d6 10. O-O f5 11. Bxg7 Kxg7 12. Ng3 f4 13. Ne2 Qf6 14. f3 g5 15.
Bd5 Ne5 16. d4 cxd4 17. Qxd4 a6 18. Rad1 Rb8 19. a4 Be6 20. Bxe6 Rxe6 21. Qa7
Nc6 22. Qb6 h5 23. Nd4 Nxd4 24. Qxd4 Rc8 25. c4 a5 26. Rd2 Rc5 27. Rfd1 Qe5 28.
Qxe5+ dxe5 29. Rd5 Rec6 30. Rxc5 Rxc5 31. Rd7 Rc6 32. Rxb7 Rd6 33. Rb5 Rd1+ 34.
Kf2 Rd2+ 35. Kf1 Rb2 36. Rxe5 f6 37. Rb5 g4 38. h3 g3 39. c5 Rf2+ 40. Kg1 Rc2
41. Kf1 Rc1+ 42. Ke2 Rg1 43. c6 Rxg2+ 44. Kf1 Rc2 45. Rxh5 Rf2+ 46. Kg1 Rxf3 47.
Rc5 Rxb3 48. c7 Rb1+ 49. Kg2 Rb2+ 50. Kf3 Rf2+ 51. Kg4 g2 52. c8=Q g1=Q+ 53. Kf5
Qg6+ 54. Ke6 Qf7+ 55. Kd6 Rd2+ 56. Kc6 Rg2 57. Qd7 f3 58. Rf5 Rc2+ 59. Kd6 Rd2+
60. Rd5 Rxd5+ 61. exd5 Qxd7+ 62. Kxd7 f2 63. d6 f1=Q 0-1

[Event "Titled Tue 24th Jun Early"]
[Site "chess.com INT"]
[Date "2025.06.24"]
[Round "7"]
[White "Dilanyan, Grigor"]
[Black "Kozak, Adam"]
[Result "0-1"]
[WhiteTitle "FM"]
[BlackTitle "GM"]
[WhiteElo "2191"]
[BlackElo "2587"]
[WhiteFideId "13303570"]
[BlackFideId "753246"]
[EventDate "2025.06.24"]

1. d4 h6 2. h4 a6 3. a4 b6 4. a5 b5 5. h5 Bb7 6. Bf4 e6 7. Nd2 Nf6 8. Ngf3 c6 9.
c3 c5 10. e3 cxd4 11. exd4 Nc6 12. b4 Nd5 13. Bg3 Nxc3 14. Qb3 Bxb4 15. Bd3 Nd5
16. O-O Bxd2 17. Nxd2 Nxd4 18. Qb2 Qf6 19. Rab1 Nf4 20. Ne4 Bxe4 21. Bxe4 d5 22.
Bxf4 dxe4 23. Bd6 e5 24. Ba3 Qg5 25. Rfe1 Rd8 26. Re3 Nf3+ 27. Kf1 Nd2+ 28. Kg1
Nc4 29. Qb4 Nxe3 30. fxe3 Qxe3+ 31. Kh1 Qg5 32. Qxe4 Rd1+ 33. Rxd1 Qxh5+ 34. Kg1
Qxd1+ 35. Kh2 Kd7 36. Qb7+ Ke6 37. Qe7+ Kf5 38. Qxf7+ Ke4 39. Qg6+ Ke3 40. Bc5+
Kd2 41. Bb4+ Kc1 42. Ba3+ Kd2 43. Bb4+ Ke3 44. Bc5+ Ke2 45. Qg4+ Kd2 46. Qb4+
Kd3 47. Qa3+ Kc4 48. Be7 Rc8 49. Qb4+ Kd3 50. Qd6+ Kc2 51. Qxa6 Qd7 52. Bh4 Rc4
53. Qg6+ Qd3 0-1

[Event "Titled Tue 24th Jun Early"]
[Site "chess.com INT"]
[Date "2025.06.24"]
[Round "7"]
[White "Vlassov, Nikolai"]
[Black "Svane, Rasmus"]
[Result "1/2-1/2"]
[WhiteTitle "IM"]
[BlackTitle "GM"]
[WhiteElo "2291"]
[BlackElo "2626"]
[WhiteFideId "4103360"]
[BlackFideId "4657101"]
[EventDate "2025.06.24"]

1. e4 c5 2. c3 Nf6 3. e5 Nd5 4. d4 cxd4 5. cxd4 d6 6. Bc4 Nb6 7. Bb3 dxe5 8. Qh5
e6 9. dxe5 Nc6 10. Nc3 g6 11. Qe2 Bg7 12. Nf3 Nd4 13. Qe4 Nxf3+ 14. gxf3 Bd7 15.
Bf4 Bc6 16. Qe3 O-O 17. h4 h5 18. Rd1 Qc7 19. O-O Rad8 20. Ne4 Bxe4 21. Qxe4 Nd7
22. Rfe1 Nc5 23. Qe3 Nxb3 24. axb3 a6 25. Rd6 Qa5 26. Red1 Rc8 27. Qb6 Qxb6 28.
Rxb6 Rc2 29. Rxb7 Rxb2 30. Rd6 Re2 31. Rxa6 Bxe5 32. Bxe5 Rxe5 33. b4 Rd8 34.
Raa7 Rf5 35. Kg2 Rd3 36. Ra2 Rb3 37. Rc2 Rfxf3 38. b5 Rf5 39. b6 Kg7 40. Rb8
Rfb5 41. Rc6 Rb2 42. Kg3 Rf5 43. b7 Rfb5 44. Rc7 Kf6 45. Rf8 Ke5 46. Rfxf7 Kd6
47. Rfd7+ Ke5 48. Rf7 Kd6 49. Rcd7+ Ke5 50. f3 R5b3 51. Rg7 Kf6 52. Rdf7+ Ke5
53. Rxg6 Rxb7 54. Rxb7 Rxb7 55. Rg5+ Kf6 56. Rxh5 Rb1 57. Rh6+ Kf5 58. Rh5+ Kf6
59. Rh6+ Kf5 60. Rh5+ Kf6 1/2-1/2